000
00346nam a2200169Ia 4500
100
_a
Smiles/Samuel
650
_a
Philosophy
942
_c
BK
366
_f
25
654
_a
self help
245
_a
Self Help
260
_b
Better Yourself Books
_a
Bandra
_c
1987
082
_a
170/SMI
_b
SMI
300
_a
136
546
_a
ENGLISH
999
_c
28107
_d
28107